Percepção de graduandos de diferentes gerações em relação à educação a distância.

Salvato in:
Dettagli Bibliografici
Autore principale: Samá Pinto, Suzi (autor)
Altri autori: Pereira Laurino, Débora, coaut (autor) coaut, (autor), Lerch Lunard, Guilherme, coaut (autor) coaut, (autor)
Natura: Periodico
Lingua:portoghese
Soggetti:
Accesso online:Ver documento en línea
Tags: Aggiungi Tag
Nessun Tag, puoi essere il primo ad aggiungerne!!

MARC

LEADER 00000nas^a2200000^u^4500
001 000529001
005 20260411000000.0
008 140110c^^^^9999^^^^r1^^^^^^^^0^^^^0eng^d
009 20260411194925.74
022 |a 19890397 
035 |a FCE 000073247 
037 |a Acervo ITESO - Biblioteca 
041 |a POR 
095 |a REVISTA IBEROAMERICANA DE EVALUACION EDUCATIVA (PDF)  |b 2/2013 
100 |a Samá Pinto, Suzi  |e (autor) 
245 1 0 |a Percepção de graduandos de diferentes gerações em relação à educação a distância. 
264 |a España ; Chile :  |b Red Iberoamericana de Investigación sobre Cambio y Eficacia Escolar (RINACE) : Universidad Autónoma de Madrid : Centro de Investigación y Desarrollo de la Educaciòn,  |c 2013. 
336 |a texto  |b txt  |2 rdacontenido 
337 |a sin mediación  |b n  |2 rdamedio 
338 |a volumen  |b nc  |2 rdasoporte 
649 |a XX 
650 |a Educación a distancia 
650 |a Estudiantes 
650 |a Percepción 
740 |g vol. 6, no. 2, 2013, pp. 245-264  |t Revista Iberoamericana de Evaluación Educativa, 
700 |a Pereira Laurino, Débora,  |e coaut  |e (autor) 
700 |a Lerch Lunard, Guilherme,  |e coaut  |e (autor) 
856 4 0 |u https://www.rinace.net/riee/numeros/vol6-num2/art13.pdf  |y Ver documento en línea 
910 |a Fondo Centro de Estudios Educativos 
920 |a Impresos - Libros 
930 |a Fondos Especiales 
905 |a 133 
902 |a https://opac.biblio.iteso.mx/vufind/Record/000529001